[Ekonómia a životné prostredie]

Recenzia na publikáciu, ktorá rieši vzájomné prepojenie životného prostredia a ekonomickej vedy. Poskytuje ucelený fundovaný pohľad na príspevok ekonómie ako vednej disciplíny k riešeniu otázky ochrany životného prostredia.

Na minha lista:
Detalhes bibliográficos
Autor principal: Belanová, Katarína, 1978-
Formato: Capítulo de Livro
Idioma:eslovaco
Assuntos:
Tags: Adicionar Tag
Sem tags, seja o primeiro a adicionar uma tag!

MARC

LEADER 00000naa a2200000 4500
001 0155297
005 20240502072730.3
041 0 |a slo 
044 |a SK 
245 1 0 |a [Ekonómia a životné prostredie]  |c Katarína Belanová 
520 |a Recenzia na publikáciu, ktorá rieši vzájomné prepojenie životného prostredia a ekonomickej vedy. Poskytuje ucelený fundovaný pohľad na príspevok ekonómie ako vednej disciplíny k riešeniu otázky ochrany životného prostredia. 
610 2 0 |a recenzie 
610 2 0 |a prostredie životné 
610 2 0 |a ekonómia 
610 2 0 |a politika environmentálna 
610 2 0 |a ochrana prostredia životného 
100 1 |a Belanová, Katarína, 1978-